000 004420000a22000970004500
100 1 _aUribarri, Fatima
245 1 0 _aDos mil años de machismo : Cristo era feminista y escandalizó a sus contemporáneos por el trato que tenía con las mujeres, pero la Iglesia Católica, en manos de varones, ha relegado el género femenino a papelers secundarios
300 _aVol. 99, Num. 99 (Mayo, 1995), Páginas 54-57
773 0 _tCambio 16
942 _cANA
999 _c58702
_d58702